01618nam a22003857a 4500003000500000005001700005008004100022010001000063011001000073035001000083040000900093090001000102100003700112245013000149260004000279300003100319502011700350590003700467590004100504590004100545590004100586590004200627650002900669650003100698650003800729650003300767650004000800901000700840942000900847949004300856949005500899999001700954952013300971952012801104CHAP20220817042951.0971013s1996 r 00010 d a61381 a62353 a66527 cCHAP aTesis00aMendoza Rosas, Alma Rosa.974740 aAnálisis de los regímenes del tipo de cambio y su efecto en la balanza comercial de México en el período de 1980-1995 aChapingo, Méx. :bEl autor,c1996 a47 h.b; gráfs. ; anexos aTesis (Lic. en Comercio Internacional de Productos Agropecuarios) -- UACH. Departamento de Economía Agrícola aALEPHb10c20130110lUCH01h1342 aBATCH-UPDb10c20130110lUCH01h1633 aBATCH-UPDb10c20130410lUCH01h1025 aBATCH-UPDb10c20130914lUCH01h0527 aCONVERSIONb10c20130109lUCH01h133314aBalanza comercial.9960714aComerciozMéxico.92562414aConvertibilidad monetaria.92766014aCuestión monetaria.93012014aMéxicoxCondiciones económicas. aBK cFOLL bBCcTESd-151744eTS1h29720i66527si bBCcTESd33724000623922eTS2fc.2h29721i66527si c61381d61381 00102local4053708TESISaBCbBCcPA_TESISd2019-12-31fTESISl0p33724000623922r2019-12-31 00:00:00tc.2w2019-12-31yTESIS 00102local4051708TESISaBCbBCcPA_TESISd2019-12-31fTESISl0oTesisp-151744r2019-12-31 00:00:00w2019-12-31yTESIS